00645cam a22002291 4500001001300000003000400013005001700017008004100034010001700075035001900092040004700111042001200158050002000170082001000190100002900200245005600229260004100285300003500326650001400361650002300375999001700398sg 46000126 DLC20260227112748.0750514s1946 nyucf 000 0 eng c asg 46000126  a(OCoLC)1333109 aU.S. Surg.-Gen. Off. Libr.cFMdOCoLCdDLC apremarc00aR131b.P58 1946 a610.91 aPodolsky, Edward,d1902-10aDoctors, drugs and steel,cby Edward Podolsky, M.D. aNew York,bB. Ackerman, inc.c[1946] a384 p.bplates, ports.c24 cm. 0aMedicine. 0aMedicinexHistory. c90746d90746